| 000 | 00359 a2200169 4500 | ||
|---|---|---|---|
| 001 | 182204 | ||
| 020 | _a978-85-01-91550-4 | ||
| 040 | _cMagnum | ||
| 100 | _aSabino, Fernando | ||
| 240 | 1 | 0 |
_aO menino no espelho _lpor |
| 245 | 1 | 0 | _aO menino no espelho |
| 300 | _a174 | ||
| 362 | 0 | _a2011 | |
| 440 | 1 | _aRecord | |
| 697 | _aLITERATURA GERAL | ||
| 942 | _cBK | ||
| 999 |
_c182204 _d182204 |
||